000 01772cam a22004814i 4500
003 PE-LiUPU
005 20250731180115.0
008 150623s2002 pe a rb 000 0 spa d
035 _a(Sirsi) a24785
040 _aPE-LiUPU
_bspa
_cPE-LiUPU
_erda
082 0 4 _a510
_bE86
_221
100 1 _aEspinoza Ramos, Eduardo,
_d1946-,
_eautor.
245 1 0 _aMatemática Básica :
_bpara estudiantes de ciencias e ingeniería /
_cEduardo Espinoza Ramos.
264 1 _aLima, Perú :
_bEduardo Espinoza,
_c2002.
300 _a610 páginas :
_bilustraciones, cuadros, gráficos ;
_c21 cm.
336 _atext
_2rdacontent
337 _aunmediated
_2rdamedia
338 _avolume
_2rdacarrier
504 _aIncluye bibliografía.
505 0 _aLógica. -Teoría de conjuntos. -Sistema de Números Reales. -Relaciones y funciones. -Inducción matemática. -Números complejos. -Teoría de ecuaciones.
526 _aSEG44
526 _aSEG26
526 _aP159
526 _aP155
526 _aP154
526 _aP153
526 _aP150
526 _aP100
526 _aP31
526 _aP30
526 _aP26
526 _aP25
526 _aP24
526 _aP22
526 _aP15
526 _aP10
650 0 4 _aMatemáticas
_xEstudio y enseñanza.
942 _2ddc
_cBOOK
949 _a510 E86
_wDEWEY
_c1
_i49170
_lCCODEBUL1
_mBUL
_p00.00
_r0
_sY
_tBOOK
_u2015-06-24
_xINGENIERIA
_zUNKNOWN
_0COMPRA
_o.STAFF. Colección General
596 _a1
999 _a510 E86
_wDEWEY
_c28314
_i49170
_d28314
_e2019-6-1
_f2021-11-5
_g9
_lCCODEBUL1
_mBUL
_n76
_p12.00
_q20
_r0
_sY
_tBOOK
_u2015-6-24
_xBIBLIOTECA
_zUNKNOWN
_0COMPRA
_o.CIRCNOTE. IMPORTANTE!!!!!!! ESTE DOCUMENTO NO SE PRESTA. EJEMPLAR ÚNICO.
_o.STAFF. Colección General
980 _81
_gALBERTO SANCHEZ Responsable de Automatización